[Event "Unterfranken-ch H1 46th"]
[Site "Karlburg"]
[Date "1995.??.??"]
[Round "?"]
[White "Matis, Paul"]
[Black "Ott, Rene"]
[Result "1-0"]
[WhiteElo "1791"]
[BlackElo "1273"]
[PlyCount "83"]
[EventDate "1995.04.17"]
[EventType "swiss"]
[EventRounds "9"]
[EventCountry "GER"]
[SourceTitle "EXT 2015"]
[Source "ChessBase"]
[SourceDate "2014.11.20"]
[SourceVersion "1"]
[SourceVersionDate "2014.11.20"]
[SourceQuality "1"]

1. e4 e6 2. Nf3 d5 3. e5 Nc6 4. Bb5 Bd7 5. Bxc6 Bxc6 6. 0-0 Bc5 7. d4 Bb6 8. c3 Ne7 9. Bg5 0-0 10. Nbd2 h6 11. Bh4 Bb5 12. Re1 Qd7 13. a4 Bc6 14. Bxe7 Qxe7 15. a5 Bxd4 16. Nxd4 Bd7 17. Qh5 f6 18. exf6 Qxf6 19. N4f3 Be8 20. Qe5 Qxe5 21. Rxe5 Rf6 22. Rae1 Bd7 23. h3 b6 24. Nb3 Re8 25. axb6 axb6 26. Nbd4 Kf7 27. Ra1 c5 28. Ra7 Re7 29. Nc2 g6 30. Ne3 Bc6 31. Ra6 Rb7 32. Ng4 Rf4 33. Nxh6+ Kf6 34. Ng4+ Ke7 35. Ng5 Rf5 36. Rxe6+ Kd7 37. Ne5+ Kc7 38. Rxc6+ Kb8 39. f4 Rxf4 40. Raxb6 d4 41. Nd7+ Ka7 42. Ra6# 1-0